000 00223nam a2200097Ia 4500
008 240331s9999 xx 000 0 und d
082 _bTAM
100 _aPuniyameen, P.M. ed
245 0 _aTamil- Muslim Ina uruvagal
942 _cL
999 _c3949
_d3949